Statistics for Top 10 London boroughs by Population

Click here to take the quiz!

General Stats

  • This quiz has been taken 179 times
  • The average score is 6 of 10

Answer Stats

PopulationBorough% Correct
373,000Croydon
69%
317,000Brent
68%
314,000Lambeth
63%
298,000Southwark
61%
318,000Bromley
60%
318,000Newham
58%
342,000Ealing
55%
369,000Barnet
51%
320,000Enfield
51%
310,000Wandsworth
46%

Score Distribution

Percentile by Number Answered

Percent of People with Each Score

Your Score History

You have not taken this quiz